Statistiken für Liedtext - Verdammt, ich lieb' Dich - Matthias Reim

Klicken Sie hier um das Quiz zu spielen!

Allgemein

  • Dieses Quiz wurde 779 mal gespielt
  • Das Durchschnittsergebnis liegt bei 262 aus 323

Antwortstatistiken

Textquiz% Korrekt
Ich
100%
ich
100%
'n
100%
Dich
99%
dich
99%
lieb'
99%
Verdammt
99%
nicht
98%
brauch'
97%
will
94%
verlier'n
91%
du
87%
das
83%
Das
83%
die
81%
ein
77%
hab'
76%
Und
76%
und
76%
bis
75%
wir
75%
an
74%
mir
74%
nur
73%
wär
73%
Er
72%
Mitternacht
72%
durch
71%
nach
71%
denke
70%
früher
70%
Früher
70%
gemacht
70%
in
70%
schon
70%
Straßen
70%
wieder
70%
dein
69%
Es
69%
es
69%
zu
69%
gern
68%
geh'
67%
mich
67%
hier
66%
meine
66%
auch
65%
Bär
65%
sitz'
65%
ziehe
65%
Frau
64%
noch
64%
oft
64%
so
64%
So
64%
vor
64%
Auf
63%
auf
63%
Bier
63%
dafür
63%
Hast
63%
Typ
63%
war'n
63%
mach'
62%
am
61%
gemeinsam
61%
Lass
61%
Neuer
61%
Ruh
61%
stell'
61%
Doch
60%
doch
60%
ihn
60%
Stich
60%
trinke
60%
ist
58%
wenn
58%
Tresen
57%
juckt
56%
nichts
56%
überhaupt
56%
was
56%
fragt
55%
Gegenüber
55%
macht
55%
Mann
55%
sein
55%
wie'n
55%
einmal
54%
fällt
53%
sitzt
53%
aber
52%
steht
52%
Telefon
51%
bin
50%
Jetzt
50%
jetzt
50%
wollt
49%
alles
48%
bisschen
48%
viel
48%
braucht
47%
freier
47%
klingelt
47%
packt's
45%
sagt
45%
einfach
44%
oder
44%
deine
43%
fehlt
43%
voll
43%
Hohn
42%
lacht
42%
langsam
42%
ich's
41%
geraucht
40%
Hör
39%
ständig
39%
Welt
39%
heile
37%
niemand
37%
glaub'
36%
Sieben
35%
passte
31%

Verteilung der Resultate

Perzentil nach korrekt beantworteten Fragen

Anzahl Personen mit jedem Resultat

Ihre Resultats-Entwicklung

Sie haben dieses Quiz noch nicht gespielt